|
|
|
|
| LEADER |
00000nam0a2200000 4500 |
| 001 |
356081 |
| 005 |
20231102010847.0 |
| 035 |
|
|
|a (RuTPU)RU\TPU\retro\13341
|
| 090 |
|
|
|a 356081
|
| 100 |
|
|
|a 20200715d1972 m y0rusy50 ca
|
| 101 |
0 |
|
|a rus
|
| 102 |
|
|
|a UA
|
| 105 |
|
|
|a a j 001zy
|
| 200 |
1 |
|
|a Радиолокационное оборудование самолетов
|e конспект лекций
|f К. И. Медведев
|g Киевский институт инженеров гражданской авиации
|
| 210 |
|
|
|a Киев
|c Изд-во КИИГА
|d 1972
|
| 215 |
|
|
|a 163 с.
|c ил.
|
| 320 |
|
|
|a Библиогр.: с. 162
|
| 606 |
1 |
|
|a Самолеты
|x Радиолокация пассивная
|2 stltpush
|3 (RuTPU)RU\TPU\subj\53665
|9 71832
|
| 610 |
1 |
|
|a радиолокационное оборудование
|
| 610 |
1 |
|
|a РЛС
|
| 610 |
1 |
|
|a классификация
|
| 610 |
1 |
|
|a характеристики
|
| 610 |
1 |
|
|a функциональные схемы
|
| 610 |
1 |
|
|a радиолокационные системы
|
| 610 |
1 |
|
|a антенно-фидерные системы
|
| 610 |
1 |
|
|a лекции
|
| 610 |
1 |
|
|a учебные пособия
|
| 675 |
|
|
|a 629.73.05:621.3(075.8)
|v 4
|
| 700 |
|
1 |
|a Медведев
|b К. И.
|g Константин Иванович
|
| 712 |
0 |
2 |
|a Киевский институт инженеров гражданской авиации
|2 stltpush
|3 (RuTPU)RU\TPU\col\7483
|9 24336
|
| 801 |
|
1 |
|a RU
|b 63413507
|c 20200715
|
| 801 |
|
2 |
|a RU
|b 63413507
|c 20210315
|g RCR
|
| 942 |
|
|
|c BK
|